Ecological applications : toward a sustainable world

Αποθηκεύτηκε σε:
Λεπτομέρειες βιβλιογραφικής εγγραφής
Κύριος συγγραφέας: Townsend, Colin R.
Μορφή: Βιβλίο
Γλώσσα:English
Δημοσίευση: Malden, MA : Blackwell, 2008
Θέματα:
Ετικέτες: Προσθήκη ετικέτας
Δεν υπάρχουν, Καταχωρήστε ετικέτα πρώτοι!

MARC

LEADER 00000nam a2200000 i 4500
001 1/102784
008 090316s2008 eng d
020 |a 978-1-4051-3698-3 
035 |l 10103797 
040 |a GR-MY-UA  |b gre  |e aacr 
041 0 |a eng 
082 0 |a 333.95  |2 (22) 
100 1 |a Townsend, Colin R. 
245 1 0 |a Ecological applications :  |b toward a sustainable world /  |c Colin R. Townsend 
260 |a Malden, MA :   |b Blackwell,   |c 2008 
300 |a xvi, 346 σ.;  |b εικ., χάρτες;  |c 25 εκ. 
504 |a Περιέχει βιβλιογραφικές παραπομπές και ευρετήριο 
650 0 0 |a Applied ecology. 
650 0 0 |a Biodiversity conservation. 
650 0 0 |a Biological diversity conservation. 
650 0 0 |a Environmental management. 
650 0 0 |a Nature  |x Effect of human beings on. 
852 |a INST  |b LESVOS  |e 20090316  |h 333.95 TOW  |p 005100044515  |q 005100044515  |t BK  |y 0 
901 |a BIBL1-2009-1 
909 |a Λ  |b 154054 
922 |a 1ΕΛΗ  |b 200809  |c ΕΠΕΑΕΚ2/ΤΠ  |d ΜΙΧΑΛΟΠΟΥΛΟΣ 
970 |a ΚΑΡΑ  |b ΓΙΑΣΕΜΗ  |z 2009/03/16